Normal view
MARC view
- ISLAM-ALLAH KEY NASHANIA
Entry Topical Term
001 - CONTROL NUMBER
- control field: 79249
003 - CONTROL NUMBER IDENTIFIER
- control field: NUST
005 - DATE AND TIME OF LATEST TRANSACTION
- control field: 20210628210413.0
008 - FIXED-LENGTH DATA ELEMENTS
- fixed length control field: 210628|| aca||aabn | a|a d
040 ## - CATALOGING SOURCE
- Original cataloging agency: NUST
- Transcribing agency: NUST
150 ## - HEADING--TOPICAL TERM
- Topical term or geographic name entry element: ISLAM-ALLAH KEY NASHANIA
670 ## - SOURCE DATA FOUND
- Source citation: Work cat.: (NUST): Haroon Yaheya, Tasadaq Hussain Raja. Dr 79248, Allah key nashania ,allah is known through reason, 2000
